Antiquités canariennes ou Annotations sur l'origine des peuples qui occupèrent les Iles Fortunées, depuis les premiers temps jusqu'a l'époque de leur conquête / (Record no. 152020)

MARC details
000 -LEADER
campo de control de longitud fija 01026nam a22002415i 4500
001 - NÚMERO DE CONTROL
campo de control 152020
003 - IDENTIFICADOR DE NÚMERO DE CONTROL
campo de control ES-MaACL
005 - FECHA Y HORA DE LA ÚLTIMA TRANSACCIÓN
campo de control 20230906204509.0
008 - DATOS DE LONGITUD FIJA--INFORMACIÓN GENERAL
campo de control de longitud fija 000822s1879 fr f |||| | fre d
040 ## - FUENTE DE CATALOGACIÓN
Centro catalogador/agencia de origen CCPB | B
Lengua de catalogación spa
Centro/agencia transcriptor CCPB | B
080 ## - NÚMERO DE LA CLASIFICACIÓN DECIMAL UNIVERSAL
Número de la Clasificación Decimal Universal 904(460.41)
080 ## - NÚMERO DE LA CLASIFICACIÓN DECIMAL UNIVERSAL
Número de la Clasificación Decimal Universal 94(460.41)".../14"
080 ## - NÚMERO DE LA CLASIFICACIÓN DECIMAL UNIVERSAL
Número de la Clasificación Decimal Universal 94(=1.460.41-81)
100 1# - ENTRADA PRINCIPAL--NOMBRE DE PERSONA
Nombre de persona Berthelot, Sabin.
9 (RLIN) 28445
245 10 - MENCIÓN DEL TÍTULO
Título Antiquités canariennes ou Annotations sur l'origine des peuples qui occupèrent les Iles Fortunées, depuis les premiers temps jusqu'a l'époque de leur conquête /
Mención de responsabilidad, etc. par Sabin Berthelot.
260 ## - PUBLICACIÓN, DISTRIBUCIÓN, ETC.
Lugar de publicación, distribución, etc. Paris :
Nombre del editor, distribuidor, etc. E. Plon et Cie,
Fecha de publicación, distribución, etc. 1879.
300 ## - DESCRIPCIÓN FÍSICA
Extensión 251 p., 20 h. de grab. ;
Dimensiones 28 cm.
650 04 - PUNTO DE ACCESO ADICIONAL DE MATERIA--TÉRMINO DE MATERIA
Término de materia o nombre geográfico como elemento de entrada Guanches.
9 (RLIN) 13169
651 #4 - PUNTO DE ACCESO ADICIONAL DE MATERIA--NOMBRE GEOGRÁFICO
Nombre geográfico Canarias-
Subdivisión general Restos arqueológicos.
9 (RLIN) 147370
651 #4 - PUNTO DE ACCESO ADICIONAL DE MATERIA--NOMBRE GEOGRÁFICO
Nombre geográfico Canarias-
Subdivisión general Historia-
Subdivisión cronológica Hasta S.XV.
9 (RLIN) 147371
740 0# - ENTRADA AGREGADA--TÍTULO RELACIONADO/ANALÍTICO NO CONTROLADO
Título relacionado o analítico no controlado Annotations sur l'origine des peuples qui occupèrent les Iles Fortunèes, depuis les premiers temps jusqu'a l'èpoque de leur conquête.
852 ## - LOCALIZACIÓN
Ubicación ES-MaACL
Número de control de estantería F-11517
Nota libre -- Enc. pasta española
Holdings
Estatus retirado Estado de pérdida Estado de daño No para préstamo Colección Biblioteca de origen Biblioteca actual Ubicación en estantería Fecha de adquisición Fuente de adquisición Total de préstamos Signatura topográfica completa Código de barras Visto por última vez Precio de reemplazo Tipo de ítem Koha
        Libros del s. XIX Biblioteca del Ateneo de Madrid Biblioteca del Ateneo de Madrid Sala Pecera Planta 2 17/01/2008     F-11517 1158680 23/02/2023 23/02/2023 Libro impreso antiguo